LEADER 01196nam 2200325Ia 450 001 996396074903316 005 20221108031627.0 035 $a(CKB)4330000000355491 035 $a(EEBO)2248509165 035 $a(OCoLC)11811106 035 $a(EXLCZ)994330000000355491 100 $a19850315d1653 uy | 101 0 $aeng 135 $aurbn||||a|bb| 200 10$aMercy in her beauty, or, The height of a deliverance from the depth of danger$b[electronic resource] $eset forth in the first sermon preached upon that occasion /$fby Nath. Hardy 210 $aLondon $cPrinted by J.G. for Nath. Web and Will Grantham$d1653 215 $a[4], 38 p 225 1 $aTwo mites / Nathaniel Hardy ;$v1 300 $aCopy on reel 741:10 appears as first sermon in the author's Two mites. 300 $aReproduction of original in Union Theological Seminary Library, New York. 330 $aeebo-0160 700 $aHardy$b Nathaniel$f1618-1670.$0821523 801 0$bEAA 801 1$bEAA 801 2$bm/c 801 2$bWaOLN 906 $aBOOK 912 $a996396074903316 996 $aMercy in her beauty, or, The height of a deliverance from the depth of danger$92356746 997 $aUNISA